Statistics for Men's Tennis Rankings 2017

Click here to take the quiz!

General Stats

  • This quiz has been taken 760 times
    (590 since last reset)
  • The average score is 24 of 32

Answer Stats

RankCountryPlayer% Correct
1SpainRafael Nadal
100%
2SwitzerlandRoger Federer
100%
4GermanyAlexander Zverev
95%
5AustriaDominic Thiem
94%
3BulgariaGrigor Dimitrov
94%
9SwitzerlandStanislas Wawrinka
94%
6CroatiaMarin Cilic
93%
16UKAndy Murray
90%
11ArgentinaJuan Martin del Potro
90%
14South AfricaKevin Anderson
89%
22JapanKei Nishikori
88%
12SerbiaNovak Djokovic
88%
7BelgiumDavid Goffin
87%
17USAJohn Isner
87%
15FranceJo-Wilfried Tsonga
82%
24CanadaMilos Raonic
81%
21AustraliaNick Kyrgios
79%
27ItalyFabio Fognini
76%
19Czech RepublicTomas Berdych
75%
8USAJack Sock
69%
20SpainRoberto Bautista Agut
68%
31FranceRichard Gasquet
67%
10SpainPablo Carreno Busta
66%
26ArgentinaDiego Schwartzman
59%
25LuxembourgGilles Muller
59%
32UruguayPablo Cuevas
55%
18FranceLucas Pouille
48%
13USASam Querrey
47%
30BosniaDamir Dzumhur
42%
29GermanyPhilipp Kohlschreiber
42%
23SpainAlbert Ramos-Vinolas
31%
28FranceAdrian Mannarino
24%

Score Distribution

Percentile by Number Answered

Percent of People with Each Score

Your Score History

You have not taken this quiz since the last reset